<?xml version="1.0" encoding="UTF-8"?>
<record
    xmlns:xsi="http://www.w3.org/2001/XMLSchema-instance"
    xsi:schemaLocation="http://www.loc.gov/MARC21/slim http://www.loc.gov/standards/marcxml/schema/MARC21slim.xsd"
    xmlns="http://www.loc.gov/MARC21/slim">

  <leader>00915nam a22002537a 4500</leader>
  <controlfield tag="005">20240611125340.0</controlfield>
  <controlfield tag="008">230109t        sp     gr|||| 00| 0 spa|d</controlfield>
  <datafield tag="020" ind1=" " ind2=" ">
    <subfield code="a">968165210X</subfield>
  </datafield>
  <datafield tag="050" ind1="0" ind2="4">
    <subfield code="a">HM73 </subfield>
    <subfield code="b">B38 2001</subfield>
  </datafield>
  <datafield tag="100" ind1="1" ind2=" ">
    <subfield code="a">Bauman, Zygmunt </subfield>
  </datafield>
  <datafield tag="240" ind1="1" ind2="0">
    <subfield code="a">Globalization : the human consequences.</subfield>
    <subfield code="l">Espa&#xF1;ol.</subfield>
  </datafield>
  <datafield tag="245" ind1="1" ind2="3">
    <subfield code="a">La globalizaci&#xF3;n </subfield>
    <subfield code="b"> : consecuencias humanas </subfield>
    <subfield code="c"> / Zygmunt Bauman ; [traducci&#xF3;n de Daniel Zadunaisky].</subfield>
  </datafield>
  <datafield tag="250" ind1=" " ind2=" ">
    <subfield code="a">2a ed.</subfield>
  </datafield>
  <datafield tag="260" ind1=" " ind2=" ">
    <subfield code="a">M&#xE9;xico :</subfield>
    <subfield code="b">Fondo de Cultura Econ&#xF3;mica, </subfield>
    <subfield code="c">2001</subfield>
  </datafield>
  <datafield tag="300" ind1=" " ind2=" ">
    <subfield code="a">171 p. ; </subfield>
    <subfield code="c">21 cm.</subfield>
  </datafield>
  <datafield tag="490" ind1="0" ind2=" ">
    <subfield code="a">Secci&#xF3;n de Obras de Sociolog&#xED;a </subfield>
  </datafield>
  <datafield tag="504" ind1=" " ind2=" ">
    <subfield code="a">Incluye &#xED;ndices y referencias bibliogr&#xE1;ficas</subfield>
  </datafield>
  <datafield tag="650" ind1=" " ind2="4">
    <subfield code="a">Globalizaci&#xF3;n</subfield>
    <subfield code="x">Sociolog&#xED;a</subfield>
  </datafield>
  <datafield tag="650" ind1=" " ind2="7">
    <subfield code="2">lemb</subfield>
    <subfield code="a">Globalizaci&#xF3;n</subfield>
    <subfield code="x">Aspectos sociales</subfield>
  </datafield>
  <datafield tag="650" ind1=" " ind2="4">
    <subfield code="a">Internacionalismo </subfield>
    <subfield code="x">Sociolog&#xED;a</subfield>
  </datafield>
  <datafield tag="650" ind1=" " ind2="4">
    <subfield code="a">Postmodernismo </subfield>
    <subfield code="x">Sociolog&#xED;a </subfield>
  </datafield>
  <datafield tag="700" ind1="1" ind2=" ">
    <subfield code="a">Zadunaisky, Daniel,</subfield>
    <subfield code="q">traductor.</subfield>
  </datafield>
  <datafield tag="942" ind1=" " ind2=" ">
    <subfield code="2">lcc</subfield>
    <subfield code="c">LIB</subfield>
  </datafield>
  <datafield tag="999" ind1=" " ind2=" ">
    <subfield code="c">10703</subfield>
    <subfield code="d">10703</subfield>
  </datafield>
  <datafield tag="952" ind1=" " ind2=" ">
    <subfield code="1">0</subfield>
    <subfield code="2">lcc</subfield>
    <subfield code="4">0</subfield>
    <subfield code="7">0</subfield>
    <subfield code="a">LIC-046</subfield>
    <subfield code="b">LIC-046</subfield>
    <subfield code="d">2011-07-11</subfield>
    <subfield code="e">Rec. P/Pifi-2007-17-05</subfield>
    <subfield code="f">General</subfield>
    <subfield code="h">LLH000000636</subfield>
    <subfield code="o">HM73 B38 2006</subfield>
    <subfield code="p">LLH000000636</subfield>
    <subfield code="r">2015-01-16 00:00:00</subfield>
    <subfield code="t">C:1</subfield>
    <subfield code="y">LIB</subfield>
    <subfield code="z">General</subfield>
  </datafield>
  <datafield tag="952" ind1=" " ind2=" ">
    <subfield code="1">0</subfield>
    <subfield code="2">lcc</subfield>
    <subfield code="4">0</subfield>
    <subfield code="7">0</subfield>
    <subfield code="a">LIC-046</subfield>
    <subfield code="b">LIC-046</subfield>
    <subfield code="d">2013-07-04</subfield>
    <subfield code="e">Rec. Pifi-2007-17-05</subfield>
    <subfield code="h">LLH000002623</subfield>
    <subfield code="o">HM73 B38  2006</subfield>
    <subfield code="p">LLH000002623</subfield>
    <subfield code="r">2013-07-04 00:00:00</subfield>
    <subfield code="t">C:2</subfield>
    <subfield code="y">LIB</subfield>
    <subfield code="z">General</subfield>
  </datafield>
  <datafield tag="952" ind1=" " ind2=" ">
    <subfield code="1">0</subfield>
    <subfield code="2">lcc</subfield>
    <subfield code="4">0</subfield>
    <subfield code="7">0</subfield>
    <subfield code="a">LIC-047</subfield>
    <subfield code="b">LIC-047</subfield>
    <subfield code="c">GENERAL</subfield>
    <subfield code="d">2013-09-09</subfield>
    <subfield code="h">BFP000004930</subfield>
    <subfield code="i">Ciencias de la salud</subfield>
    <subfield code="k">Ciencias de la salud</subfield>
    <subfield code="l">1</subfield>
    <subfield code="o">HM73 B38 2006</subfield>
    <subfield code="p">BFP000004930</subfield>
    <subfield code="r">2017-01-30 00:00:00</subfield>
    <subfield code="s">2017-01-25</subfield>
    <subfield code="t">1</subfield>
    <subfield code="y">LIB</subfield>
  </datafield>
  <datafield tag="952" ind1=" " ind2=" ">
    <subfield code="1">0</subfield>
    <subfield code="2">lcc</subfield>
    <subfield code="4">0</subfield>
    <subfield code="7">0</subfield>
    <subfield code="a">LIC-047</subfield>
    <subfield code="b">LIC-047</subfield>
    <subfield code="c">GENERAL</subfield>
    <subfield code="d">2013-09-09</subfield>
    <subfield code="h">BFP000004931</subfield>
    <subfield code="i">Ciencias de la salud</subfield>
    <subfield code="k">Ciencias de la salud</subfield>
    <subfield code="o">HM73 B38 2006</subfield>
    <subfield code="p">BFP000004931</subfield>
    <subfield code="r">2013-09-09 00:00:00</subfield>
    <subfield code="t">2</subfield>
    <subfield code="y">LIB</subfield>
  </datafield>
  <datafield tag="952" ind1=" " ind2=" ">
    <subfield code="1">0</subfield>
    <subfield code="2">lcc</subfield>
    <subfield code="4">0</subfield>
    <subfield code="7">0</subfield>
    <subfield code="a">LIC-047</subfield>
    <subfield code="b">LIC-047</subfield>
    <subfield code="c">GENERAL</subfield>
    <subfield code="d">2013-09-09</subfield>
    <subfield code="h">BFP000004926</subfield>
    <subfield code="i">Ciencias de la salud</subfield>
    <subfield code="k">Ciencias de la salud</subfield>
    <subfield code="o">HM73 B38 2009</subfield>
    <subfield code="p">BFP000004926</subfield>
    <subfield code="r">2013-09-09 00:00:00</subfield>
    <subfield code="t">3</subfield>
    <subfield code="y">LIB</subfield>
  </datafield>
  <datafield tag="952" ind1=" " ind2=" ">
    <subfield code="1">0</subfield>
    <subfield code="2">lcc</subfield>
    <subfield code="4">0</subfield>
    <subfield code="7">0</subfield>
    <subfield code="a">LIC-047</subfield>
    <subfield code="b">LIC-047</subfield>
    <subfield code="c">GENERAL</subfield>
    <subfield code="d">2016-03-03</subfield>
    <subfield code="e">DON</subfield>
    <subfield code="f">2a.</subfield>
    <subfield code="h">BFP000011377</subfield>
    <subfield code="i">CS</subfield>
    <subfield code="k">CS</subfield>
    <subfield code="o">HM73 B38 2006</subfield>
    <subfield code="p">BFP000011377</subfield>
    <subfield code="r">2016-03-03 00:00:00</subfield>
    <subfield code="t">4</subfield>
    <subfield code="y">LIB</subfield>
  </datafield>
  <datafield tag="952" ind1=" " ind2=" ">
    <subfield code="1">0</subfield>
    <subfield code="2">lcc</subfield>
    <subfield code="4">0</subfield>
    <subfield code="7">8</subfield>
    <subfield code="a">LIC-029</subfield>
    <subfield code="b">LIC-029</subfield>
    <subfield code="c">GENERAL</subfield>
    <subfield code="d">2024-06-11</subfield>
    <subfield code="f">2a ed.</subfield>
    <subfield code="i">CEA</subfield>
    <subfield code="k">CSA</subfield>
    <subfield code="o">HM73 B38 2001</subfield>
    <subfield code="p">BFE000000934</subfield>
    <subfield code="r">2018-02-21 00:00:00</subfield>
    <subfield code="t">1</subfield>
    <subfield code="v">1.00</subfield>
    <subfield code="y">LIB</subfield>
  </datafield>
  <datafield tag="952" ind1=" " ind2=" ">
    <subfield code="1">0</subfield>
    <subfield code="2">lcc</subfield>
    <subfield code="4">0</subfield>
    <subfield code="7">0</subfield>
    <subfield code="a">LIC-029</subfield>
    <subfield code="b">LIC-029</subfield>
    <subfield code="c">GENERAL</subfield>
    <subfield code="d">2024-06-11</subfield>
    <subfield code="f">2a ed.</subfield>
    <subfield code="i">CEA</subfield>
    <subfield code="k">CSA</subfield>
    <subfield code="o">HM73 B38 2001</subfield>
    <subfield code="p">BFE000000935</subfield>
    <subfield code="r">2018-02-21 00:00:00</subfield>
    <subfield code="t">2</subfield>
    <subfield code="v">1.00</subfield>
    <subfield code="y">LIB</subfield>
  </datafield>
  <datafield tag="952" ind1=" " ind2=" ">
    <subfield code="1">0</subfield>
    <subfield code="2">lcc</subfield>
    <subfield code="4">0</subfield>
    <subfield code="7">0</subfield>
    <subfield code="a">LIC-029</subfield>
    <subfield code="b">LIC-029</subfield>
    <subfield code="c">GENERAL</subfield>
    <subfield code="d">2024-06-11</subfield>
    <subfield code="f">2a ed.</subfield>
    <subfield code="i">CEA</subfield>
    <subfield code="k">CSA</subfield>
    <subfield code="o">HM73 B38 2001</subfield>
    <subfield code="p">BFE000000936</subfield>
    <subfield code="r">2018-02-21 00:00:00</subfield>
    <subfield code="t">3</subfield>
    <subfield code="v">1.00</subfield>
    <subfield code="y">LIB</subfield>
  </datafield>
  <datafield tag="952" ind1=" " ind2=" ">
    <subfield code="1">0</subfield>
    <subfield code="2">lcc</subfield>
    <subfield code="4">0</subfield>
    <subfield code="7">0</subfield>
    <subfield code="a">LIC-029</subfield>
    <subfield code="b">LIC-029</subfield>
    <subfield code="c">GENERAL</subfield>
    <subfield code="d">2024-06-10</subfield>
    <subfield code="f">2a ed.</subfield>
    <subfield code="i">CEA</subfield>
    <subfield code="k">CSA</subfield>
    <subfield code="o">HM73 B38 2001</subfield>
    <subfield code="p">BFE000000937</subfield>
    <subfield code="r">2018-02-21 00:00:00</subfield>
    <subfield code="t">4</subfield>
    <subfield code="v">1.00</subfield>
    <subfield code="y">LIB</subfield>
  </datafield>
  <datafield tag="952" ind1=" " ind2=" ">
    <subfield code="1">0</subfield>
    <subfield code="2">lcc</subfield>
    <subfield code="4">0</subfield>
    <subfield code="7">0</subfield>
    <subfield code="a">LIC-029</subfield>
    <subfield code="b">LIC-029</subfield>
    <subfield code="c">GENERAL</subfield>
    <subfield code="d">2024-06-10</subfield>
    <subfield code="f">2a ed.</subfield>
    <subfield code="i">CEA</subfield>
    <subfield code="k">CSA</subfield>
    <subfield code="o">HM73 B38 2001</subfield>
    <subfield code="p">BFE000000938</subfield>
    <subfield code="r">2018-02-21 00:00:00</subfield>
    <subfield code="t">5</subfield>
    <subfield code="v">1.00</subfield>
    <subfield code="y">LIB</subfield>
  </datafield>
  <datafield tag="952" ind1=" " ind2=" ">
    <subfield code="1">0</subfield>
    <subfield code="2">lcc</subfield>
    <subfield code="4">0</subfield>
    <subfield code="7">0</subfield>
    <subfield code="a">LIC-029</subfield>
    <subfield code="b">LIC-029</subfield>
    <subfield code="c">GENERAL</subfield>
    <subfield code="d">2024-06-10</subfield>
    <subfield code="f">2a ed.</subfield>
    <subfield code="i">CEA</subfield>
    <subfield code="k">CSA</subfield>
    <subfield code="o">HM73 B38 2001</subfield>
    <subfield code="p">BFE000000939</subfield>
    <subfield code="r">2018-02-21 00:00:00</subfield>
    <subfield code="t">6</subfield>
    <subfield code="v">1.00</subfield>
    <subfield code="y">LIB</subfield>
  </datafield>
</record>
